000 00405cam a2200181 4500
001 D14888
008 090401t1929 xxu||||| |||| 00| 0 eng d
035 _a(Sirsi) u18692
041 _aeng
050 _a631.6
100 _aOrwin, C.S.
245 _aReclamation of Exmoor Forest
260 _aLondon
_bOUP
_c1929
300 _ax. 172p. ill. 22cm
350 _a0
942 _n0
948 _c04/03/1997
999 _c87613
_d87613